000 00762nam a2200217Ia 4500
003 GCL
008 140319s9999 xx 000 0 ara d
040 _aGCL /
_cGCL
082 0 4 _aق
_b953.082
_bح ق
100 1 _aمحمد مصطفى زيادة
245 1 0 _aقيام دولة المماليك الثانية /
_cمحمد مصطفى زيادة
700 1 _aحكيم امين عبدالسيد
300 _a211 ص
490 _aالمكتبة العربية
_v0
650 0 4 _aدولة المماليك
650 0 4 _aمصر - تاريخ
650 0 4 _aمصر - تاريخ - عصر المماليك ( 1250-1517 م )
650 0 4 _aالعالم الحديث - تاريخ
650 0 4 _aالعالم العربى - عصر المماليك
942 _2ddc
_cBK
999 _c50623
_d50623